| 000 | 01340nam a2200313 4500 | ||
|---|---|---|---|
| 003 | OSt | ||
| 005 | 20260309002945.0 | ||
| 008 | 260308b |||||||| |||| 00| 0 eng d | ||
| 040 |
_aCvSU-CCAT Campus Library. _bEnglish. _cCvSU-CCAT Campus Library. _erda. |
||
| 050 |
_aUM HD 62.7 _bM36 2024 |
||
| 100 |
_aMendoza, Caila Mae A., author. _919137 |
||
| 245 |
_aNacaro's Empastil prepared meals manufacturing : enterprise development project / _cCaila Mae A. Mendoza, Nazhaira I. Salamat, Rotsen N. Viniegra. |
||
| 260 |
_aRosario, Cavite : _bCavite State University-CCAT Campus, _c2024 |
||
| 300 |
_axiv, 85 leaves : _billustrations ; _c28 cm |
||
| 500 | _aEnterprise Development Project (BSBA)--Cavite State University-CCAT Campus, 2024. | ||
| 504 | _aIncludes bibliographical references. | ||
| 546 | _aIn English text. | ||
| 650 |
_aSmall business -- Management _98827 |
||
| 650 |
_aFood industry and trade _995 |
||
| 650 |
_aMarketing _9128 |
||
| 650 |
_aMeat industry and trade _97470 |
||
| 650 |
_aEntrepreneurship _9136 |
||
| 700 |
_aSalamat, Nazhaira I., author. _919138 |
||
| 700 |
_aViniegra, Rotsen N., author. _919139 |
||
| 700 |
_aDucha, Aiza M., adviser. _98994 |
||
| 700 |
_aAmbas, Arman M., technical critic. _96668 |
||
| 942 |
_2lcc _cT/M/D _hHD 62.7 M36 2024 _kUM |
||
| 999 |
_c4853 _d4853 |
||